[Event "It "]
[Site "Wiesbaden (Germany)"]
[Date "2013.08.23"]
[Round "2"]
[White "Stockmann Michael (GER)"]
[Black "Seehaus Bernhard Dr (GER)"]
[Result "1-0"]
[WhiteElo "2271"]
[BlackElo "2035"]

1.d4 d6 2.Nf3 Nd7 3.c4 g6 4.g3 Bg7 5.Bg2 e5 6.Nc3 Ne7 7.O-O O-O 8.e4 exd4
9.Nxd4 Nc6 10.Nde2 Nc5 11.Be3 Be6 12.b3 Qd7 13.Qc2 Bh3 14.Rad1 Bxg2 15.Kxg2
Qe8 16.Rfe1 f5 17.exf5 Rxf5 18.Nd5 Qf7 19.f4 Re8 20.Bxc5 dxc5 21.g4 Rxd5
22.cxd5 Nd4 23.Nxd4 Rxe1 24.Rxe1 Bxd4 25.Qc4 {#r} 1-0

[Event "Ch Belgrade (team) (Premijer liga)"]
[Site "Belgrade (Serbia)"]
[Date "2013.10.13"]
[Round "2"]
[White "Radosevic Nenad (SRB)"]
[Black "Tosic Srecko (SRB)"]
[Result "0-1"]
[WhiteElo "2190"]
[BlackElo "2399"]

1.d4 d6 2.Nf3 Bg4 3.e4 g6 4.h3 Bxf3 5.Qxf3 Bg7 6.c3 Nd7 7.Bc4 Ngf6 8.g4 e6
9.Nd2 c6 10.g5 Ng8 11.h4 Qe7 12.Nf1 d5 13.Bd3 e5 14.Be3 exd4 15.cxd4 Qb4+
16.Bd2 Qxd4 17.Bc3 Ne5 18.Qe2 Qxd3 19.exd5 Qxe2+ 20.Kxe2 f6 21.f4 Nd7 22.dxc6
bxc6 23.Rd1 Nb6 24.Ne3 Kf7 25.Rd6 Re8 26.Rh3 Nd5 27.Rxc6 Nxf4+ {#R} 0-1

[Event "Ch Finland (team) 2013/14"]
[Site "Finland"]
[Date "2013.11.02"]
[Round "5"]
[White "Martynov Pavel_ (RUS)"]
[Black "Ristoja Jan (FIN)"]
[Result "1-0"]
[WhiteElo "2411"]
[BlackElo "2252"]

1.d4 d6 2.Nf3 Bg4 3.Bg5 c6 4.Nbd2 Nd7 5.e3 Ngf6 6.Bd3 e6 7.h3 Bh5 8.c4 d5
9.Qb3 Bxf3 10.Nxf3 Qa5+ 11.Ke2 dxc4 12.Bxc4 Nb6 13.Bd3 Be7 14.Qc3 Qa4 15.e4
Rd8 16.b3 Qb4 17.Qc2 Nfd7 18.Bf4 e5 19.a3 Qd6 20.dxe5 Qg6 21.Be3 Nf8 22.h4 Qg4
23.Rh3 Ne6 24.Rg3 Qh5 25.Kf1 O-O 26.Be2 {#r} 1-0

[Event "Ch Provincial"]
[Site "Manises (Spain)"]
[Date "2013.11.16"]
[Round "6"]
[White "Navarro Diaz Carles (ESP)"]
[Black "Martinez Lopez Jaime (ESP)"]
[Result "1-0"]
[WhiteElo "2103"]
[BlackElo "2066"]

1.d4 d6 2.Nf3 Bg4 3.c3 Nd7 4.Qb3 Rb8 5.Bf4 Ngf6 6.Nbd2 e6 7.e3 Be7 8.Bd3 Bh5
9.h3 Bg6 10.Bxg6 hxg6 11.Nc4 Ne4 12.Qc2 Ndf6 13.g4 g5 14.Bxg5 Nxg5 15.Nxg5
Nxg4 16.Nxe6 Qd7 17.Nxg7+ Kf8 18.Nf5 Qc6 19.O-O-O Nxf2 20.Qxf2 Qxc4 21.Rdf1
Qxa2 22.Nxe7 Kxe7 23.Qf6+ Kd7 24.Qxf7+ Qxf7 25.Rxf7+ Kc6 26.h4 Rh5 27.Rg7 Re8
28.Rg5 Rxe3 {#r} 1-0

[Event "Memorial Leao Gomes"]
[Site "Goiania (Brazil)"]
[Date "2013.12.07"]
[Round "6"]
[White "Rezende Guilherme Vilela (BRA)"]
[Black "Santos Sergio Filho Claudio"]
[Result "0-1"]
[WhiteElo "2141"]
[BlackElo "2064"]

1.d4 d6 2.Nf3 Nd7 3.c4 e5 4.Nc3 f5 5.g3 e4 6.Ng5 Nb6 7.Qb3 h6 8.Nf7 Kxf7 9.c5+
Be6 10.d5 Nxd5 11.Nxd5 dxc5 {#R} 0-1

[Event "It (open)"]
[Site "Pavlodar (Kazakhstan)"]
[Date "2013.12.11"]
[Round "2"]
[White "Tsepennikova Tatyana (RUS)"]
[Black "Khegay Dmitriy (RUS)"]
[Result "0-1"]
[WhiteElo "2102"]
[BlackElo "2348"]

1.d4 d6 2.Nf3 g6 3.Bg5 Bg7 4.Nbd2 h6 5.Bh4 g5 6.Bg3 g4 7.Nh4 Bxd4 8.c3 Bg7
9.Qb3 Na6 10.e4 Nc5 11.Qc2 e6 12.Be2 Bf6 13.Ng6 fxg6 14.e5 Bg5 15.Qxg6+ Kf8
16.b4 Bxd2+ 17.Kxd2 Qg5+ 18.Qxg5 Ne4+ 19.Ke3 Nxg5 20.exd6 cxd6 21.Bxd6+ Kf7
22.Bxg4 Nf6 23.h3 e5 24.Bxc8 Raxc8 25.Bxe5 Nd5+ 26.Kd3 Rhd8 27.Bd4 Nxc3
28.Rhc1 Rxd4+ {#R} 0-1

[Event "It (open)"]
[Site "Groningen (Netherlands)"]
[Date "2013.12.26"]
[Round "5"]
[White "Lopez Jasel (ARU)"]
[Black "Peng Zhaoqin (NED)"]
[Result "0-1"]
[WhiteElo "2179"]
[BlackElo "2378"]

1.d4 d6 2.c4 e5 3.d5 f5 4.e4 Nf6 5.Nc3 fxe4 6.Nge2 Bf5 7.Ng3 Bg6 8.Bg5 Be7
9.Bxf6 gxf6 10.Ngxe4 f5 11.Ng3 Nd7 12.Be2 O-O 13.Qc2 Bg5 14.O-O Bf4 15.Rae1
Rf7 16.b4 Kh8 17.Bd1 Qh4 18.Nce2 Bh6 19.f4 exf4 20.Nh1 Re8 21.Nf2 Rfe7 22.Nd3
Kg8 23.Qc3 Re3 24.Qd4 R8e4 25.Qxa7 Rxd3 26.Bc2 f3 27.gxf3 Be3+ {#R} 0-1

[Event "It (open) "]
[Site "Schwaebisch Gmuend (Germany)"]
[Date "2014.01.02"]
[Round "2"]
[White "Nabaty Tamir (ISR)"]
[Black "Bock Juergen (GER)"]
[Result "1-0"]
[WhiteElo "2579"]
[BlackElo "2270"]

1.d4 d6 2.Bg5 g6 3.Nc3 Bg7 4.Qd2 c6 5.O-O-O b5 6.e4 b4 7.Nce2 Qa5 8.Kb1 Nf6
9.f3 Be6 10.Nc1 Qa4 11.Bh6 Bxh6 12.Qxh6 Na6 13.Nge2 Nc7 14.Nf4 Nb5 15.Nxe6
fxe6 16.Bc4 Kd7 17.Qh3 Nc7 18.Bxe6+ Nxe6 19.d5 cxd5 20.exd5 Rac8 21.Qxe6+ Kd8
22.Nb3 Re8 23.Rd4 Qb5 24.Re1 Rc4 25.Qe2 {#r} 1-0

[Event "Memorial P.Keres (open)"]
[Site "Tallinn (Estonia)"]
[Date "2014.01.15"]
[Round "8"]
[White "Sirosh Ilja (EST)"]
[Black "Koykka Pekka (FIN)"]
[Result "0-1"]
[WhiteElo "2215"]
[BlackElo "2304"]

1.d4 d6 2.c4 e5 3.d5 g6 4.e4 Bh6 5.Nc3 Nd7 6.Be2 a5 7.Bxh6 Nxh6 8.Qd2 Ng8
9.Nf3 Ngf6 10.h3 Nc5 11.Qe3 b6 12.Nd2 O-O 13.g4 Ne8 14.h4 f5 15.gxf5 gxf5
16.exf5 Ng7 17.Nde4 Bxf5 18.O-O-O Bxe4 19.Nxe4 Nf5 20.Qf3 Nd4 21.Qg3+ Kh8
22.Qe3 Nxe4 23.Qxe4 Rf4 24.Qe3 Qf6 25.Bd3 Rf8 26.Rdf1 Rf3 27.Qe4 Qh6+ 28.Kb1
R8f4 {#R} 0-1

[Event "It (open)"]
[Site "Nova Gorica (Slovenia)"]
[Date "2014.01.31"]
[Round "1"]
[White "Hrescak Ivana (SLO)"]
[Black "Tratar Marko (SLO)"]
[Result "0-1"]
[WhiteElo "2020"]
[BlackElo "2484"]

1.d4 d6 2.c4 e5 3.dxe5 dxe5 4.Qxd8+ Kxd8 5.Nc3 Be6 6.e3 c6 7.Nf3 f6 8.Bd2 Nd7
9.Ne4 a5 10.Rd1 Kc7 11.Be2 Nh6 12.O-O Nf7 13.Rc1 Be7 14.Rfd1 f5 15.Nc3 Nc5
16.Be1 a4 17.h3 h5 18.Nh2 h4 19.Rc2 e4 20.f3 Ne5 21.fxe4 fxe4 22.Nb1 Bg5
23.Nf1 Ncd3 24.Nbd2 Bf5 25.b3 Nb4 26.Rb2 a3 27.Rbb1 Nxa2 {#R} 0-1

[Event "Ch Georgia (w)"]
[Site "Tbilisi (Georgia)"]
[Date "2014.02.20"]
[Round "3"]
[White "Khurtsilava Inga (GEO)"]
[Black "Unapkoshvili Nani (GEO)"]
[Result "1-0"]
[WhiteElo "2224"]
[BlackElo "2062"]

1.d4 d6 2.c4 e5 3.dxe5 dxe5 4.Qxd8+ Kxd8 5.Nc3 Be6 6.e4 Bc5 7.f4 exf4 8.Bxf4
c6 9.O-O-O+ Nd7 10.Nf3 h6 11.Nd4 Bg4 12.Rd3 g5 13.Bg3 Ngf6 14.h3 Bh5 15.Nb3
Bb4 16.e5 Bxc3 17.exf6 Bb4 18.a3 Bf8 19.Rd2 Kc8 20.Bd3 Bg6 21.Rhd1 Rh7 22.Bb1
{#r} 1-0

[Event "NRW Klasse 2 2013/14"]
[Site "Germany"]
[Date "2014.03.09"]
[Round "7"]
[White "Karger Frank (GER)"]
[Black "Fecke Andreas (GER)"]
[Result "1-0"]
[WhiteElo "2268"]
[BlackElo "2173"]

1.d4 d6 2.Nf3 Bg4 3.c4 e5 4.Qb3 Bxf3 5.Qxf3 exd4 6.Qxb7 Nd7 7.Qe4+ Be7 8.Qxd4
Bf6 9.Qd2 Ne7 10.e3 O-O 11.Be2 Ng6 12.O-O Re8 13.Nc3 Rb8 14.Rb1 Nc5 15.Qc2 Be5
16.g3 Qd7 17.Nd1 f5 18.f4 Bf6 19.Nf2 Ne7 20.b4 Ne4 21.Nxe4 fxe4 22.Qxe4 Nc6
23.Qd5+ Kh8 24.Bd2 Nd4 25.Bd3 {#r} 1-0

[Event "Memorial M Yusupov (cat.1)"]
[Site "Lvov (Ukraine)"]
[Date "2014.03.15"]
[Round "3"]
[White "Sychevskyy Andriy (UKR)"]
[Black "Kalinina Olga (UKR)"]
[Result "1-0"]
[WhiteElo "2155"]
[BlackElo "2259"]

1.d4 d6 2.Nf3 Bg4 3.c4 Bxf3 4.exf3 Nd7 5.Nc3 c6 6.Be3 g6 7.Qb3 Qc7 8.h4 Ngf6
9.g4 h5 10.g5 Ng8 11.O-O-O e6 12.d5 Bg7 13.dxe6 fxe6 14.Bh3 Kf7 15.c5 d5
16.Ne4 Be5 17.Rhe1 Ne7 18.f4 Nf5 19.fxe5 dxe4 20.Bxf5 gxf5 21.g6+ Kg7 22.Qxe6
Nxe5 23.Bd4 Rae8 24.Qxf5 Rhf8 25.Qxh5 {#r} 1-0

[Event "It (open)"]
[Site "Bangkok (Thailand)"]
[Date "2014.04.14"]
[Round "4"]
[White "Dale Ari (AUS)"]
[Black "Liu Qingnan (CHN)"]
[Result "0-1"]
[WhiteElo "2274"]
[BlackElo "2510"]

1.d4 d6 2.Nf3 g6 3.c4 Bg7 4.Nc3 Bg4 5.e3 Nf6 6.h3 Bf5 7.g4 Bd7 8.e4 O-O 9.Be3
c5 10.Bg2 cxd4 11.Nxd4 Nc6 12.O-O Rc8 13.b3 a6 14.Nd5 e6 15.Nb6 Qxb6 16.Nxe6
Qxe3 17.Nxf8 Qf4 18.Nxd7 Nxd7 19.Qc1 Nd4 20.Qxf4 Ne2+ 21.Kh1 Nxf4 22.Rad1 Be5
23.g5 Nc5 24.h4 Kg7 25.Bf3 Rh8 26.Rfe1 Ncd3 27.Rf1 h6 {#R} 0-1

[Event "Ch England (team) 2013/14 (2 div)"]
[Site "England"]
[Date "2014.05.05"]
[Round "11"]
[White "Posazhennikov Alex (RUS)"]
[Black "Adams David (ENG)"]
[Result "1-0"]
[WhiteElo "2252"]
[BlackElo "2199"]

1.d4 d6 2.Nf3 Bg4 3.e4 Nd7 4.h3 Bh5 5.Be2 c6 6.c3 e5 7.Be3 Ngf6 8.Nbd2 Be7
9.Nh4 Bg6 10.Nxg6 hxg6 11.Qb3 Qc7 12.O-O O-O 13.f4 b5 14.f5 gxf5 15.Rxf5 d5
16.dxe5 Nxe5 17.Bd4 Nc4 18.Bxc4 bxc4 19.Qc2 Rab8 20.b3 cxb3 21.axb3 Rb7
22.Raf1 Rb5 23.e5 Nh7 24.Rh5 g6 25.e6 f5 26.Rh6 Qg3 27.Nf3 Rb7 28.Be5 {#r} 1-0

[Event "Ch Kazakhstan"]
[Site "Astana (Kazakhstan)"]
[Date "2014.05.06"]
[Round "4"]
[White "Makhnev Denis (KAZ)"]
[Black "Gurkin A (KAZ)"]
[Result "1-0"]
[WhiteElo "2268"]
[BlackElo "2176"]

1.d4 d6 2.Nf3 Bg4 3.Nbd2 Nd7 4.c3 e5 5.Qb3 Rb8 6.e4 Be7 7.Bc4 Bh5 8.g4 Bxg4
9.Bxf7+ Kf8 10.h3 Nh6 11.hxg4 Nxf7 12.Nf1 Nf6 13.Ng3 Nxg4 14.Be3 g6 15.O-O-O
h5 16.dxe5 Nfxe5 17.Nxe5 Nxe5 18.f4 Ng4 19.Bd4 Rg8 20.f5 gxf5 21.Nxf5 Bf6
22.Rdf1 Qe8 23.Bxf6 Nxf6 24.Nxd6 cxd6 25.Rxf6+ Kg7 26.Rf5 Rf8 27.Rg5+ Kh6
28.Qd5 {#r} 1-0

[Event "Cup Germany (final)"]
[Site "Magdeburg (Germany)"]
[Date "2014.05.10"]
[Round "1"]
[White "Degtiarev Evgeny (GER)"]
[Black "Baklan Vladimir (UKR)"]
[Result "0-1"]
[WhiteElo "2436"]
[BlackElo "2655"]

1.d4 d6 2.c4 e5 3.d5 f5 4.Nc3 Nf6 5.e4 fxe4 6.h3 Bf5 7.g4 Bg6 8.Bg2 Be7 9.Nge2
Na6 10.b4 O-O 11.a3 c6 12.Ng3 cxd5 13.g5 Nd7 14.Qxd5+ Bf7 15.Qxb7 Nac5 16.bxc5
Nxc5 17.Qb1 Nd3+ 18.Kf1 Bxc4 19.Kg1 Rb8 20.Qc2 Rxf2 21.Qa4 d5 22.Ncxe4 Bb3
23.Qxa7 dxe4 24.Be3 Rc2 25.Nf5 Bf8 26.Rh2 Rc4 27.Qa6 Qd7 28.Qa7 Rb7 {#R} 0-1

[Event "Memorial V.Somov "]
[Site "Kirishi (Russia)"]
[Date "2014.05.15"]
[Round "3"]
[White "Paravyan David (RUS)"]
[Black "Bortnik Alexandr (UKR)"]
[Result "1-0"]
[WhiteElo "2428"]
[BlackElo "2505"]

1.d4 d6 2.Nf3 f5 3.Nc3 Nf6 4.Bg5 Nbd7 5.e3 g6 6.Bc4 Bg7 7.Bh4 h6 8.Bxf6 Bxf6
9.e4 Nb6 10.Bb3 e6 11.Qe2 Qe7 12.O-O Bg7 13.exf5 exf5 14.Qd2 Qf6 15.Rfe1+ Kd8
16.a4 a5 17.Ne5 Rf8 18.Rad1 c6 19.d5 c5 20.Nc6+ bxc6 21.dxc6 c4 22.Nb5 d5
23.Qe3 Ra6 24.Bxc4 Bd7 25.cxd7 Nxc4 26.Qe8+ {#r} 1-0

[Event "Cup Croatia (team)"]
[Site "Bol (Croatia)"]
[Date "2014.05.17"]
[Round "5"]
[White "Grachev Boris (RUS)"]
[Black "Medak Bojan (CRO)"]
[Result "1-0"]
[WhiteElo "2673"]
[BlackElo "2415"]

1.d4 d6 2.Nf3 g6 3.g3 Bg7 4.c4 c5 5.Bg2 Nc6 6.d5 Na5 7.O-O a6 8.Nfd2 b5 9.Na3
Rb8 10.Rb1 Nf6 11.cxb5 axb5 12.b4 cxb4 13.Rxb4 Bd7 14.Nb3 Nxb3 15.Qxb3 Qa5
16.Nc2 O-O 17.Nd4 Rfc8 18.Nc6 Bxc6 19.dxc6 d5 20.Bf4 Rb6 21.c7 e6 22.Rb1 Kf8
23.Qc2 Nd7 24.a4 Be5 25.Bxe5 Nxe5 26.axb5 Nc4 27.Ra4 Qd2 28.Rxc4 {#r} 1-0

[Event "It (open)"]
[Site "Pula (Croatia)"]
[Date "2014.06.08"]
[Round "2"]
[White "Viviani Alessio (ITA)"]
[Black "Jovanic Ognjen (CRO)"]
[Result "0-1"]
[WhiteElo "2121"]
[BlackElo "2461"]

1.d4 d6 2.Nf3 Bg4 3.c4 Nd7 4.g3 Bxf3 5.exf3 g6 6.Bg2 Bg7 7.O-O c6 8.Nc3 Nh6
9.g4 f5 10.d5 O-O 11.g5 Nf7 12.f4 Rc8 13.Be3 Re8 14.Qb3 Qc7 15.Rfe1 e6 16.Bxa7
exd5 17.cxd5 Bxc3 18.bxc3 c5 19.Rxe8+ Rxe8 20.Rb1 b5 21.Qxb5 Qxa7 22.Qc6 Qxa2
{#R} 0-1

[Event "Ch Greece (team)"]
[Site "Porto Rio (Greece)"]
[Date "2014.07.01"]
[Round "5"]
[White "Postny Evgeny (ISR)"]
[Black "Indjic Aleksandar (SRB)"]
[Result "1-0"]
[WhiteElo "2641"]
[BlackElo "2548"]

1.d4 d6 2.Nf3 Bg4 3.c4 Bxf3 4.gxf3 Nf6 5.Nc3 g6 6.Qb3 Nbd7 7.Qxb7 Bg7 8.f4 Rb8
9.Qc6 O-O 10.Bg2 e5 11.dxe5 dxe5 12.O-O Rb6 13.Qf3 Re8 14.Rd1 e4 15.Qh3 c5
16.Be3 Rxb2 17.Nxe4 Qe7 18.Nxf6+ Nxf6 19.Rab1 Rxb1 20.Rxb1 Ne4 21.Rd1 f5
22.Bxe4 Qxe4 23.Qg2 Qxc4 24.Qc6 Rb8 25.Rd7 Qxe2 26.Qd5+ {#r} 1-0

[Event "It (open)"]
[Site "Naantali (Finland)"]
[Date "2014.07.03"]
[Round "5"]
[White "Vantsi Timo (FIN)"]
[Black "Kiik Kalle (EST)"]
[Result "0-1"]
[WhiteElo "2068"]
[BlackElo "2392"]

1.d4 d6 2.c4 e5 3.d5 g6 4.e4 Bh6 5.Nc3 Bxc1 6.Rxc1 Nf6 7.Bd3 O-O 8.Nge2 a5
9.O-O Na6 10.b3 Nc5 11.Bc2 Bd7 12.Ng3 Qe7 13.a3 h5 14.f3 Kg7 15.Rb1 h4 16.Nh1
Nh5 17.Nf2 Qg5 18.Nd3 h3 19.g4 Nxd3 20.Bxd3 Qe3+ {#R} 0-1

[Event "Ch Slovakia"]
[Site "Prievidza (Slovakia)"]
[Date "2014.07.06"]
[Round "9"]
[White "Repka Christopher (SVK)"]
[Black "Mrva Martin (SVK)"]
[Result "1-0"]
[WhiteElo "2418"]
[BlackElo "2417"]

1.d4 d6 2.c4 g6 3.g3 Bg4 4.Bg2 Qc8 5.h3 Bd7 6.Nc3 Bg7 7.Nf3 e5 8.dxe5 dxe5
9.Be3 Ne7 10.Bc5 Nec6 11.Nd5 Na6 12.Ba3 Nd8 13.Ng5 Bc6 14.Ne4 f5 15.Nxc7+ {#r}
1-0

[Event "Ch Commonwealth"]
[Site "Glasgow (Scotland)"]
[Date "2014.07.07"]
[Round "8"]
[White "Batchelor Peter (ENG)"]
[Black "McKay Roderick M (SCO)"]
[Result "1-0"]
[WhiteElo "2236"]
[BlackElo "2350"]

1.d4 d6 2.Nf3 f5 3.Nc3 Nf6 4.Bg5 Ne4 5.Nxe4 fxe4 6.Nd2 d5 7.e3 Qd6 8.Bf4 Qb6
9.Qh5+ Qg6 10.Qxd5 c6 11.Qxe4 Bf5 12.Qf3 Bxc2 13.Bxb8 Rxb8 14.e4 e5 15.Rc1 Ba4
16.b3 Bb5 17.Bxb5 cxb5 18.O-O Bb4 19.Rfd1 exd4 20.Qf4 Bd6 21.e5 Ba3 22.e6 Ra8
23.Rc7 Qxe6 24.Rxb7 Bd6 25.Qf3 Rc8 26.Qh5+ Kf8 27.Nf3 Bc5 28.Ng5 {#r} 1-0

[Event "Ch Paris (open)"]
[Site "Paris (France)"]
[Date "2014.07.08"]
[Round "4"]
[White "Rusev Rosen (BUL)"]
[Black "Todorov Todor (BUL)"]
[Result "1-0"]
[WhiteElo "2080"]
[BlackElo "2478"]

1.d4 d6 2.Nf3 Bg4 3.g3 Bxf3 4.exf3 e6 5.f4 Nf6 6.Nd2 Be7 7.Nf3 d5 8.Bd3 g6
9.O-O O-O 10.c3 c5 11.dxc5 Bxc5 12.b4 Bb6 13.Bb2 Nc6 14.a3 Rc8 15.Qe2 a5 16.b5
Ne7 17.c4 d4 18.Rfd1 Re8 19.Rac1 Bc5 20.Be4 Nxe4 21.Qxe4 Nf5 22.Nxd4 Qb6
23.Qe5 Nxd4 24.Rxd4 f6 25.Qxf6 Rf8 26.Rd8 {#r} 1-0

[Event "It (open)"]
[Site "Sables-d'Olonne (France)"]
[Date "2014.07.12"]
[Round "1"]
[White "Valentin Rene (FRA)"]
[Black "Degraeve Jean-Marc (FRA)"]
[Result "0-1"]
[WhiteElo "2118"]
[BlackElo "2575"]

1.d4 d6 2.g3 g6 3.Bg2 Bg7 4.c4 c5 5.Nf3 Nc6 6.d5 Na5 7.Nfd2 a6 8.O-O Nf6 9.h3
O-O 10.Qc2 b5 11.a4 bxc4 12.Nxc4 Nxc4 13.Qxc4 Rb8 14.Qc2 a5 15.Na3 Ba6 16.Re1
Nd7 17.Rb1 Qb6 18.Be4 Nf6 19.Bg2 Qb3 20.Qxb3 Rxb3 21.Bd2 Rfb8 22.e4 Nd7 23.Bf1
Bxf1 24.Kxf1 Nb6 25.Bxa5 Nxa4 26.Nc4 Nxb2 27.Bc7 Nxc4 28.Kg2 {#R} 0-1

[Event "It (open) "]
[Site "Agios Kirykos (Greece)"]
[Date "2014.07.14"]
[Round "3"]
[White "Urosevic Marija (SRB)"]
[Black "Mouroutis Konstantinos (GRE)"]
[Result "0-1"]
[WhiteElo "2021"]
[BlackElo "2175"]

1.d4 d6 2.c4 e5 3.d5 f5 4.e4 fxe4 5.Qa4+ Nd7 6.g4 Be7 7.Nc3 Bg5 8.Bxg5 Qxg5
9.Nh3 Qg6 10.O-O-O Nh6 11.g5 O-O 12.Qc2 Nf5 13.Nxe4 Nd4 14.Rxd4 exd4 15.Bd3
Qh5 16.Ng1 Ne5 17.Ne2 Qf3 18.Rd1 Bf5 19.N2g3 Bg6 20.Kb1 Rae8 21.Be2 Qxf2
22.Rf1 Qxh2 23.Rxf8+ Rxf8 {#R} 0-1

[Event "Ch Vojvodina (open)"]
[Site "Novi Sad (Serbia)"]
[Date "2014.07.15"]
[Round "5"]
[White "Kovacevic Goran (SRB)"]
[Black "Stojanovic Andjelija (SRB)"]
[Result "0-1"]
[WhiteElo "2116"]
[BlackElo "2291"]

1.d4 d6 2.Nf3 g6 3.c4 Bg7 4.Nc3 e5 5.dxe5 dxe5 6.Qxd8+ Kxd8 7.Bg5+ f6 8.O-O-O+
Nd7 9.Be3 Nh6 10.h3 Nf5 11.Bc5 b6 12.Ba3 Bb7 13.e4 Nd4 14.Nxd4 exd4 15.Rxd4 f5
16.Rd3 fxe4 17.Rd1 Bxc3 18.bxc3 c5 19.Be2 Kc7 20.Kc2 Rhf8 21.Rhf1 Bc6 22.Kb3
a6 23.Bc1 b5 24.g3 bxc4+ 25.Bxc4 Nb6 26.Bf4+ Rxf4 27.gxf4 Ba4+ {#R} 0-1

[Event "It "]
[Site "Pardubice (Czech Republic)"]
[Date "2014.07.16"]
[Round "2"]
[White "Gutman Gennadi (UKR)"]
[Black "Horacek Michal (CZE)"]
[Result "1-0"]
[WhiteElo "2468"]
[BlackElo "2083"]

1.d4 d6 2.Nf3 g6 3.c4 Bg7 4.Nc3 Bg4 5.e3 c5 6.d5 Bxf3 7.Qxf3 Bxc3+ 8.bxc3 Qa5
9.Bd2 Nd7 10.Qd1 Ngf6 11.Qc2 O-O-O 12.Be2 Nb6 13.a4 Nfd7 14.O-O Ne5 15.Rfb1 a6
16.Qb3 Kc7 17.f4 Ned7 18.e4 h5 19.Bd3 Rdg8 20.Bc1 f6 21.Ba3 Qxa4 22.Qb2 Qa5
{#r} 1-0

[Event "It "]
[Site "Ghent (Belgium)"]
[Date "2014.07.19"]
[Round "2"]
[White "Bauwe Pascal (BEL)"]
[Black "Sadikhov Ulvi (BEL)"]
[Result "0-1"]
[WhiteElo "2033"]
[BlackElo "2375"]

1.d4 d6 2.c4 e5 3.dxe5 dxe5 4.Qxd8+ Kxd8 5.Nf3 f6 6.g3 Be6 7.Bg2 Nd7 8.Nbd2 c6
9.O-O a5 10.b3 Kc7 11.a3 Nb6 12.Ne4 Nd7 13.Nfd2 Nh6 14.Bb2 Nf5 15.e3 Nd6 16.f4
Nxe4 17.Nxe4 exf4 18.exf4 a4 19.Rfe1 Bf7 20.Bh3 axb3 21.Rad1 Nc5 22.Kh1 Bxc4
23.Nxc5 Bxc5 24.Rd7+ Kb6 25.Rxg7 Rhe8 {#R} 0-1

[Event "Memorial "]
[Site "Lutsk (Ukraine)"]
[Date "2014.07.27"]
[Round "10"]
[White "Korol Dimitry (UKR)"]
[Black "Kalinina Olga (UKR)"]
[Result "1-0"]
[WhiteElo "2291"]
[BlackElo "2259"]

1.d4 d6 2.Nf3 Bg4 3.e4 Nf6 4.Nc3 c6 5.Be2 e6 6.O-O d5 7.Ne5 Bxe2 8.Qxe2 dxe4
9.Nxe4 Be7 10.Ng5 O-O 11.Nexf7 Rxf7 12.Qxe6 Qf8 13.Re1 Nd5 14.Nxf7 Qxf7 15.c4
Qxe6 16.Rxe6 Kf7 17.cxd5 cxd5 18.Re5 Nc6 19.Rxd5 Ke6 20.Rb5 Nxd4 21.Rxb7 Rd8
22.Rxe7+ Kf6 23.Re1 Nc2 24.Be3 Nxa1 25.Rxa1 a5 26.b3 {#r} 1-0

[Event "Ch Russia (juniors) (team)"]
[Site "Kolomna (Russia)"]
[Date "2014.08.09"]
[Round "8"]
[White "Opanasenko Mikhail (RUS)"]
[Black "Dikarev Oleg (RUS)"]
[Result "1-0"]
[WhiteElo "2048"]
[BlackElo "2188"]

1.d4 d6 2.Nf3 Bg4 3.e4 g6 4.h3 Bxf3 5.Qxf3 Bg7 6.c3 e5 7.dxe5 dxe5 8.Bc4 Nf6
9.O-O O-O 10.Bg5 h6 11.Bh4 Nbd7 12.Rd1 Qe7 13.Rxd7 Qxd7 14.Bxf6 Qc6 15.Bxg7
Kxg7 16.Na3 Qb6 17.Bb3 f6 18.Nc4 Qc5 19.Ne3 c6 20.h4 h5 21.g4 a5 22.gxh5 a4
23.Be6 Rae8 24.Qg4 Rxe6 25.Qxe6 {#r} 1-0

[Event "It (open) "]
[Site "Ulan Ude (Russia)"]
[Date "2014.08.10"]
[Round "4"]
[White "Andreev Afrikan (RUS)"]
[Black "Obolenskikh Dmitry (RUS)"]
[Result "0-1"]
[WhiteElo "2221"]
[BlackElo "2531"]

1.d4 d6 2.Nf3 Bg4 3.c4 Bxf3 4.gxf3 c6 5.f4 Nf6 6.Nc3 d5 7.cxd5 cxd5 8.Qb3 Qd7
9.Bg2 e6 10.e4 dxe4 11.Nxe4 Nxe4 12.Bxe4 Nc6 13.Be3 Bb4+ 14.Ke2 Nxd4+ 15.Bxd4
Qxd4 16.Bxb7 Rd8 17.Rhd1 Qxf4 18.a3 Qe5+ 19.Kf3 Bc5 20.Rxd8+ Kxd8 21.Kg2 Ke7
{#R} 0-1

[Event "It (open)"]
[Site "Schwarzach (Austria)"]
[Date "2014.08.16"]
[Round "1"]
[White "Smirnov Artem (RUS)"]
[Black "Dappiano Andrea (ITA)"]
[Result "1-0"]
[WhiteElo "2450"]
[BlackElo "2211"]

1.d4 d6 2.Nf3 Bg4 3.c4 Bxf3 4.exf3 c6 5.Nc3 g6 6.Be2 Bg7 7.O-O e6 8.d5 Ne7
9.dxe6 fxe6 10.Ne4 d5 11.Nc5 Qc8 12.Bg5 Nf5 13.Re1 O-O 14.Bd3 Re8 15.cxd5 cxd5
16.Bxf5 gxf5 17.Nxe6 Bxb2 18.Qxd5 Qc6 19.Qb3 Bxa1 20.Nc7+ {#r} 1-0

[Event "Ch Spain"]
[Site "Linares (Spain)"]
[Date "2014.08.30"]
[Round "6"]
[White "Shen Yue (ESP)"]
[Black "Redondo Benavente Jose Carlos (ESP)"]
[Result "1-0"]
[WhiteElo "2223"]
[BlackElo "2056"]

1.d4 d6 2.c4 e5 3.d5 f5 4.Nc3 Nf6 5.Nf3 h6 6.Qc2 g5 7.h3 Bg7 8.g4 Qd7 9.h4
fxg4 10.hxg5 gxf3 11.gxf6 Bxf6 12.Bh3 Qxh3 13.Rxh3 Bxh3 14.Qg6+ Ke7 15.Ne4 Rf8
16.Bxh6 Nd7 17.Bxf8+ Rxf8 18.Qh7+ {#r} 1-0

[Event "It "]
[Site "Fuerth (Germany)"]
[Date "2014.09.05"]
[Round "2"]
[White "Ikonnikov Vyacheslav (RUS)"]
[Black "Meulner Klaus (GER)"]
[Result "1-0"]
[WhiteElo "2576"]
[BlackElo "2114"]

1.d4 d6 2.Nf3 g6 3.c4 Bg4 4.e3 Bg7 5.h3 Bxf3 6.Qxf3 Nc6 7.Nc3 e5 8.d5 Nce7
9.e4 f5 10.Bd3 f4 11.g3 Nf6 12.gxf4 exf4 13.Bxf4 O-O 14.Qe3 Nf5 15.exf5 Re8
16.fxg6 Rxe3+ 17.Bxe3 hxg6 18.Bxg6 Nd7 19.Bf5 Nc5 20.Rg1 Qf6 21.Bc2 Qf3 22.Kd2
Re8 23.Rg4 Rxe3 24.fxe3 Qf2+ 25.Ne2 {#r} 1-0

[Event "It "]
[Site "Fuerth (Germany)"]
[Date "2014.09.05"]
[Round "3"]
[White "Reis Gerhard (GER)"]
[Black "Fischer Daniel (GER)"]
[Result "1-0"]
[WhiteElo "2203"]
[BlackElo "2087"]

1.d4 d6 2.g3 g6 3.Bg2 Bg7 4.Nf3 c5 5.O-O cxd4 6.Nxd4 Qb6 7.Nb3 Nc6 8.e4 Be6
9.Be3 Qc7 10.Nc3 Bc4 11.Re1 Nf6 12.Nd5 Nxd5 13.exd5 Nb8 14.Bg5 f6 15.Nd4 {#r}
1-0

[Event "It "]
[Site "Senden (Germany)"]
[Date "2014.10.12"]
[Round "2"]
[White "Sazanov Nikolay E (RUS)"]
[Black "Jungbluth Michael (GER)"]
[Result "1-0"]
[WhiteElo "2262"]
[BlackElo "2029"]

1.d4 d6 2.f4 Nf6 3.Nf3 Bg4 4.e3 g6 5.Bc4 Bg7 6.O-O O-O 7.Qe1 Nbd7 8.Nbd2 Qe8
9.Qh4 e5 10.fxe5 dxe5 11.c3 e4 12.Ng5 h6 13.Ngxe4 Nxe4 14.Qxg4 Ndf6 15.Qxg6
Nd6 16.Qd3 {#r} 1-0